书目信息 |
| 题名: |
水稻抛秧栽培技术
|
|
| 作者: | 许永新 , 刘喜珍 编著 | |
| 分册: | ||
| 出版信息: | 北京 科学出版社出版社 1998 |
|
| 页数: | 99 | |
| 开本: | 20cm | |
| 丛书名: | 金穗丛书 | |
| 单 册: | ||
| 中图分类: | S511.04 | |
| 科图分类: | ||
| 主题词: | 禾谷类作物 | |
| 电子资源: | ||
| ISBN: | 7-03-006547-6 | |
| 000 | 00647nam0 2200217 450 | |
| 001 | 0754114953 | |
| 005 | 20070929150154.95 | |
| 010 | @a7-03-006547-6 | |
| 100 | @a20070929d km y0chiy0120 ea | |
| 101 | 0 | @achi |
| 200 | 1 | @a水稻抛秧栽培技术@Ashui dao pao yang zai pei ji shu@f刘喜珍,许永新 编著@Fliu xi zhen,xu yong xin bian zhu |
| 210 | @a北京@c科学出版社出版社@d1998 | |
| 215 | @a99@c插图@d20cm | |
| 225 | 2 | @a金穗丛书 |
| 410 | 0 | @12001 @a金穗丛书 |
| 606 | 0 | @a禾谷类作物 |
| 690 | @aS511.04@v3 | |
| 701 | 0 | @a许永新@Axu yong xin@4编著 |
| 701 | 0 | @a刘喜珍@Aliu xi zhen@4编著 |
| 801 | 0 | @aCN@bPFT@c20070929 |
| 905 | @a213230@dS511.04@eh9@f1 | |
| 水稻抛秧栽培技术/刘喜珍,许永新 编著.-北京:科学出版社出版社,1998 |
| 99:插图;20cm.-(金穗丛书) |
| ISBN 7-03-006547-6: |
| ● |
| 相关链接 |
|
|
|
|
正题名:水稻抛秧栽培技术
索取号:S511.04/h9
 
预约/预借
| 序号 | 登录号 | 条形码 | 馆藏地/架位号 | 状态 | 备注 |
| 1 | 6001204 | 260012042 | 密集书库-化学系/ [索取号:S511.04/h9] | 在馆 |